000 00630nmm a2200193Ia 4500
008 251105s9999||||xx |||||||||||||||||und||
020 _a9789587192919
041 _aspa
100 _aLópez Díaz, Yolanda
245 0 _aTrabajo social de grupo: Producción escrita, docencia y modelos de intervención
264 _a[Bogotá, Colombia] :
_bUniversidad Nacional de Colombia,
_c2009
300 _a411 páginas
650 _aSociology
700 _aLópez Díaz, Yolanda
700 1 _a Martínez Roa, Alejandra
700 1 _a Johanna Peralta, Lady
856 _uhttps://public.digitaliapublishing.com/a/62165
942 _cCF
999 _c67979
_d67979